|
|
|
|
| LEADER |
00000nam a22000007a 4500 |
| 005 |
20220202221631.0 |
| 007 |
cr|||| |||| |
| 008 |
220202c20089999gb n|ws |||| 0|||b1eng d |
| 022 |
|
|
|a 1755-1692
|
| 035 |
|
|
|a 35238
|
| 040 |
|
|
|a vLex
|
| 090 |
|
|
|c 12908
|d 12908
|
| 245 |
0 |
0 |
|a Edinburgh Law Review
|h [Recurso electrn̤ico] /
|
| 256 |
|
|
|a Servicio en ln̕ea
|
| 260 |
|
|
|a Edimburgo:
|b Edinburgh University Press,
|c 2008 -
|
| 300 |
|
|
|a 1 recurso electrn̤ico
|
| 310 |
|
|
|a Irregular
|
| 500 |
|
|
|a An international forum for the discussion of law, the Edinburgh Law Review covers contemporary substantive law, legal theory and history, with a particular focus on Scots law and the Scottish legal system.
|
| 506 |
1 |
|
|a Disponible solo en los productos indicados
|d vLex Global
|d vLex Global (Academic Edition, excluding Law Schools)
|d vLex Global (U.S. Academic Edition, Law Schools)
|d vLex Global (U.S. Academic Edition, excluding Law Schools)
|d vLex Global (Academic Edition, Law Schools)
|
| 650 |
0 |
4 |
|a Derecho Civil
|z Reino Unido
|
| 740 |
0 |
|
|a vLex Revistas (Servicio en ln̕ea)
|
| 856 |
4 |
0 |
|u https://app.vlex.com/#/sources/35238
|z Acceso restringido
|
| 942 |
|
|
|c REV
|
| 999 |
0 |
|
|a Civil Law
|